| 000 | 00541nam a2200193Ia 4500 | ||
|---|---|---|---|
| 005 | 20230802100539.0 | ||
| 008 | 131103s9999 xx 000 0 und d | ||
| 040 | _aLoreto College | ||
| 041 | _aEnglish | ||
| 082 |
_a920 _bGOG |
||
| 100 | _aGogarty,Oliver St.J. | ||
| 245 |
_aAs I Was Going Down Sackville Street _b a phantasy in fact _cOliver St.J.Gogarty |
||
| 260 |
_aMelbourne _bPenguin Books _c1954 |
||
| 300 | _a339 p. | ||
| 650 | _aGogarty,Oliver St.J.,1878 - 1936 | ||
| 700 | _aAutobiography | ||
| 850 | _aLCLIB | ||
| 942 | _cBK | ||
| 999 |
_c12266 _d62745 |
||